000 00378nam a2200145 a 4500
005 20140412111326.0
008 110129s19uu xx 00 eng d
020 _a1-55209-261-5
050 _aTR(PS E
_bWh56 1998
100 _aGilmor, Don
245 _aWhen Vegetables go bad! /
_cDon Gilmor.
260 _aU.S.A :
_bA Firefly book,
_c1998.
300 _aunp.
999 _c104650
_d104650